[Event "Let's Play Chess!"]
[Site "http://www.queenalice.com/game.php?id=832634"]
[Date "2010.9.14"]
[Round "-"]
[White "kleberrocha"]
[Black "Jenny728"]
[Result "1-0"]
[WhiteElo "1126"]
[BlackElo "923"]

1. e3 e6 2. g3 a5 3. Nf3 Ra6 4. Nc3 Rd6 5. d4 Nc6 6. h4 Nb4 7. a3 Nd5 8. Ne4 Rc6
9. c4 Rxc4 10. Bxc4 Nb6 11. b3 Nf6 12. Nc5 g6 13. Bb5 a4 14. bxa4 Nbd5 15. Nd3
Nb6 16. Nf4 Ng4 17. Bb2 Nxa4 18. Bxa4 Bb4+ 19. Nd2 c6 20. axb4 Nf6 21. d5 cxd5
22. Nb3 Ne4 23. Bxh8 Nd6 24. Rc1 1-0

[Event "Challenge"]
[Site "http://www.queenalice.com/game.php?id=835329"]
[Date "2010.9.20"]
[Round "-"]
[White "YuGi"]
[Black "Jenny728"]
[Result "0-1"]
[WhiteElo "1258"]
[BlackElo "956"]

1. e4 e6 2. Qf3 Nc6 3. Bb5 Nd4 4. Qd3 Nxc2+ 5. Qxc2 Nf6 6. Na3 Nh5 7. g4 Nf4 8.
Nf3 a5 9. Ne5 a4 10. Qc3 h5 11. f3 Ng2+ 12. Kf1 Nf4 13. h3 b6 14. Qd4 Ra5 0-1

[Event "Challenge"]
[Site "http://www.queenalice.com/game.php?id=852424"]
[Date "2010.10.30"]
[Round "-"]
[White "edemarc"]
[Black "Jenny728"]
[Result "1-0"]
[WhiteElo "1505"]
[BlackElo "998"]

1. e4 e6 2. e5 a5 3. d4 Ra6 4. Bxa6 bxa6 5. Nf3 h5 6. O-O Nc6 7. Bg5 Nf6 8. d5
Bb7 9. Nc3 a4 10. a3 Nb8 11. b4 h4 12. exf6 gxf6 13. Bxh4 c6 14. d6 Bxd6 15.
Qxd6 Rh6 16. Nxa4 a5 17. Rab1 axb4 18. axb4 Na6 19. g3 Nb8 20. Rfe1 Na6 21. b5
cxb5 22. Rxb5 Bxf3 23. Qxa6 Bg4 24. Re4 Bf3 25. Rf4 Bd1 26. c4 Qe7 27. Rb8+ Qd8
28. Rxd8+ Kxd8 29. Rd4 e5 30. Rxd1 Kc7 31. Qd6+ Kc8 32. Qf8+ Kc7 33. Qxh6 f5 34.
Qb6+ Kc8 35. Qd8+ Kb7 36. Rb1+ 1-0

[Event "Challenge"]
[Site "http://www.queenalice.com/game.php?id=852702"]
[Date "2010.10.31"]
[Round "-"]
[White "edemarc"]
[Black "Jenny728"]
[Result "1-0"]
[WhiteElo "1463"]
[BlackElo "1004"]

1. h4 e6 2. e4 a5 3. e5 Ra6 4. Bxa6 Nxa6 5. d4 h5 6. Nf3 Nb4 7. O-O Rh6 8. Bxh6
gxh6 9. c3 Nd5 10. Na3 a4 11. Rc1 b6 12. Qxa4 Nf4 13. Qd1 c5 14. Nc4 cxd4 15.
Nxd4 Ba6 16. Nd6+ Ke7 17. Re1 Bg7 18. Kh2 Bxe5 19. N6f5+ exf5 20. Rxe5+ Kd6 21.
Ne6+ Kxe5 22. Nxd8 Ng6 23. Qe1+ Kf4 24. g3+ Kf3 25. Qe3+ Kg4 26. Qxb6 Be2 27.
Nxf7 Ne5 28. Qd4+ Kf3 29. Nxe5# 1-0

[Event "Challenge"]
[Site "http://www.queenalice.com/game.php?id=855431"]
[Date "2010.11.6"]
[Round "-"]
[White "edemarc"]
[Black "Jenny728"]
[Result "1-0"]
[WhiteElo "1459"]
[BlackElo "1012"]

1. e4 e6 2. e5 Nc6 3. Nf3 a5 4. Nc3 Ra6 5. Bxa6 bxa6 6. O-O h5 7. d4 h4 8. Bg5
Be7 9. Qd2 Rh5 10. Ne4 a4 11. Rab1 a5 12. Nc5 f6 13. Bxh4 Rf5 14. c3 g5 15. exf6
Bxf6 16. Ne4 Bg7 17. Bxg5 Nge7 18. g4 Rxf3 19. Bh6 Bxh6 20. Qxh6 Rf4 21. Qxf4
Nd5 22. Qh6 Nb8 23. Nf6+ Ke7 24. Qg7+ Kd6 25. Ne4+ Kc6 26. c4 1-0

[Event "Challenge"]
[Site "http://www.queenalice.com/game.php?id=864233"]
[Date "2010.11.27"]
[Round "-"]
[White "Jenny728"]
[Black "kleberrocha"]
[Result "0-1"]
[WhiteElo "1006"]
[BlackElo "1356"]

1. e3 e6 2. h4 Qf6 3. a4 Nc6 4. Ra3 Bc5 5. Rb3 Nge7 6. Rb5 Bd6 7. h5 a6 8. Rb4
Nxb4 9. b3 Qa1 10. Nc3 a5 11. Nb5 Na6 12. h6 Nf5 13. g4 Nxh6 14. g5 Nf5 15. c4
Nb4 16. Nf3 Bc5 17. Nxc7+ Ke7 18. Nxa8 d6 19. Bg2 Bd7 20. Nh2 Rxa8 21. Bxb7 Nd3+
22. Ke2 Nxc1+ 23. Ke1 Nd3+ 0-1

[Event "Desafio 05/12/2010"]
[Site "http://www.queenalice.com/game.php?id=868060"]
[Date "2010.12.5"]
[Round "-"]
[White "Leo_cx"]
[Black "Jenny728"]
[Result "1-0"]
[WhiteElo "1475"]
[BlackElo "1010"]

1. e3 e6 2. f4 h5 3. h4 a5 4. a4 g6 5. b3 b6 6. Qf3 Nf6 7. Qxa8 Nc6 8. Bb5 Nb4
9. Na3 Ne4 10. Qxe4 Nxc2+ 11. Qxc2 c6 12. Bd3 Bg7 13. Bb2 Bf8 14. Bxh8 c5 15.
Nb5 1-0

[Event "Desafio 05/12/2010"]
[Site "http://www.queenalice.com/game.php?id=868061"]
[Date "2010.12.5"]
[Round "-"]
[White "Jenny728"]
[Black "Leo_cx"]
[Result "0-1"]
[WhiteElo "1008"]
[BlackElo "1477"]

1. e3 e6 2. a4 a5 3. h4 Ra6 4. h5 h6 5. Rh4 Qxh4 6. Nf3 Qxh5 7. Nc3 Nf6 8. b3
Qh1 9. Nd4 Rb6 10. Ne4 Nxe4 11. Nf3 g5 12. c3 Qg1 13. Nxg1 Nc5 14. g3 Nxb3 0-1

[Event "Challenge"]
[Site "http://www.queenalice.com/game.php?id=902567"]
[Date "2011.2.19"]
[Round "-"]
[White "edemarc"]
[Black "Jenny728"]
[Result "1-0"]
[WhiteElo "1558"]
[BlackElo "1054"]

1. e4 a5 2. Nc3 a4 3. d4 e6 4. Nf3 h5 5. e5 h4 6. Bb5 Ra5 7. Bd3 Nc6 8. Bg5 Be7
9. Bf4 Bb4 10. a3 Be7 11. b4 Ra6 12. b5 Rb6 13. bxc6 Rxc6 14. Nxa4 Rh5 15. h3 b6
16. c4 1-0

[Event "Challenge"]
[Site "http://www.queenalice.com/game.php?id=944394"]
[Date "2011.5.30"]
[Round "-"]
[White "Jenny728"]
[Black "josedesouza"]
[Result "0-1"]
[WhiteElo "1044"]
[BlackElo "1221"]

1. e3 Nf6 2. h4 e5 3. a4 Nc6 4. a5 Bb4 5. c3 Bxa5 6. h5 O-O 7. Nh3 h6 8. g4 d6
9. Rg1 Bd7 10. Rg3 Qc8 11. g5 Nxh5 0-1